000 00688nam a2200229Ia 4500
005 20250108125008.0
008 008 250107s9999 xx 000 0 eng d
020 _a978-81-224-1522-3
037 _aTB
040 _aCRL
_beng
_cCRL
041 _aeng
_2eng
084 _aV2y7M91 152Q9
084 _qCRL
100 _aSaraswati Satyasangananda Au.
_9730253
245 0 _aSatsangs on yoga: jnana yoga, karma yoga and awakening the vijnanamaya kosha
_cSaraswati Satyasangananda Au.
260 _aBihar, India
_bYoga Publications
_c2936
300 _a43p.
365 _aINR
_b395
650 _aPHILOSOPHY
942 _cTB
_hV2y7M91 152Q9
999 _c1235324
_d1235324